Normal view
MARC view
- Russell, Michael.S
Entry Personal Name
001 - CONTROL NUMBER
- control field: 80555
003 - CONTROL NUMBER IDENTIFIER
- control field: NUST
005 - DATE AND TIME OF LATEST TRANSACTION
- control field: 20210628210704.0
008 - FIXED-LENGTH DATA ELEMENTS
- fixed length control field: 210628|| aca||aabn | a|a d
040 ## - CATALOGING SOURCE
- Original cataloging agency: NUST
- Transcribing agency: NUST
100 ## - HEADING--PERSONAL NAME
- Personal name: Russell, Michael.S
670 ## - SOURCE DATA FOUND
- Source citation: Work cat.: (NUST): Russell, Michael.S, The chemistry of fireworks, 2000
